[Event "Titled Tuesday intern op 21st Nov Early"]
[Site "Chess.com INT"]
[Date "2023.11.21"]
[Round "3"]
[White "Cucolloto, Rogerio"]
[Black "Goldin, Roman"]
[Result "1-0"]
[WhiteElo "2008"]
[BlackElo "2323"]
[PlyCount "105"]
[EventDate "2023.11.21"]
[EventType "swiss (blitz)"]
[EventRounds "11"]
[EventCountry "USA"]
[SourceTitle "EXT 2025"]
[Source "ChessBase"]
[SourceDate "2024.10.14"]
[SourceVersion "1"]
[SourceVersionDate "2024.10.14"]
[SourceQuality "1"]

1. d4 Nf6 2. Nf3 b5 3. Bg5 Bb7 4. Bxf6 gxf6 5. e3 a6 6. a4 b4 7. a5 c5 8. dxc5 e6 9. Qd4 Nc6 10. Qh4 Bxc5 11. Bd3 Nxa5 12. Rxa5 Qxa5 13. Qxf6 Rg8 14. Ne5 Rf8 15. 0-0 Be7 16. Qf4 Qd5 17. Nf3 Bd6 18. Qd4 Qxf3 19. gxf3 Rg8+ 20. Qg4 Ke7 21. Nd2 f5 22. Qxg8 Rxg8+ 23. Kh1 Be5 24. Rg1 Rxg1+ 25. Kxg1 Bxb2 26. Nc4 Bc3 27. Kg2 Bd5 28. Na5 b3 29. Nxb3 Bxb3 30. cxb3 a5 31. e4 f4 32. e5 h6 33. Kh3 Bxe5 34. Kg4 Kd6 35. Kh5 Kc5 36. Kxh6 Kb4 37. Kg6 Kxb3 38. Bb5 Kb4 39. Bxd7 Bd4 40. Bxe6 Bxf2 41. Kf5 Be3 42. h4 a4 43. Ke4 a3 44. h5 Kc3 45. h6 Bd4 46. Kxf4 Kb2 47. Ke4 Bh8 48. f4 a2 49. Bxa2 Kxa2 50. Kd5 Kb3 51. Ke6 Kc4 52. f5 Kd4 53. f6 1-0

[Event "Titled Tuesday intern op 21st Nov Late"]
[Site "Chess.com INT"]
[Date "2023.11.21"]
[Round "4"]
[White "Cucolloto, Rogerio"]
[Black "Melikhov, Evgeny V"]
[Result "0-1"]
[WhiteElo "2008"]
[BlackElo "2189"]
[PlyCount "84"]
[EventDate "2023.11.21"]
[EventType "swiss (blitz)"]
[EventRounds "11"]
[EventCountry "USA"]
[SourceTitle "EXT 2025"]
[Source "ChessBase"]
[SourceDate "2024.10.14"]
[SourceVersion "1"]
[SourceVersionDate "2024.10.14"]
[SourceQuality "1"]

1. e4 c5 2. Nf3 d6 3. d4 cxd4 4. Nxd4 Nf6 5. Nc3 a6 6. f3 e5 7. Nb3 Be6 8. Be3 Be7 9. Qd2 0-0 10. g4 b5 11. 0-0-0 Nbd7 12. Kb1 Nb6 13. h4 Nc4 14. Qf2 Nxe3 15. Qxe3 b4 16. Nd5 Bxd5 17. exd5 a5 18. h5 a4 19. Nc1 b3 20. cxb3 axb3 21. Qxb3 Qa5 22. g5 Rfb8 23. Qxb8+ Rxb8 24. gxf6 Bxf6 25. Bc4 e4 26. Bb3 exf3 27. Rhf1 Qb4 28. Rxf3 Qg4 29. Rdf1 Qxh5 30. a4 Qe5 31. R1f2 h5 32. Ka2 h4 33. Nd3 Qd4 34. Nf4 Rb4 35. Nh5 Be5 36. Rxf7 Rxa4+ 37. Bxa4 Qxa4+ 38. Kb1 Qd1+ 39. Ka2 Qxd5+ 40. Kb1 Qxf7 41. Rxf7 Kxf7 42. b4 h3 0-1

[Event "Titled Tuesday intern op 21st Nov Late"]
[Site "Chess.com INT"]
[Date "2023.11.21"]
[Round "3"]
[White "Cucolloto, Rogerio"]
[Black "Sroczynski, Maciej"]
[Result "0-1"]
[WhiteElo "2008"]
[BlackElo "2266"]
[PlyCount "48"]
[EventDate "2023.11.21"]
[EventType "swiss (blitz)"]
[EventRounds "11"]
[EventCountry "USA"]
[SourceTitle "EXT 2025"]
[Source "ChessBase"]
[SourceDate "2024.10.14"]
[SourceVersion "1"]
[SourceVersionDate "2024.10.14"]
[SourceQuality "1"]

1. d4 d5 2. Nf3 Nf6 3. Bf4 c6 4. e3 Bg4 5. Nbd2 e6 6. c3 Nbd7 7. Qb3 Qb6 8. h3 Bh5 9. Bd3 Be7 10. Ne5 Nxe5 11. Bxe5 0-0 12. 0-0 Nd7 13. Bh2 c5 14. Qxb6 Nxb6 15. f4 Bg6 16. Bxg6 hxg6 17. g4 Rac8 18. Nf3 Nc4 19. b3 Nxe3 20. Rf2 cxd4 21. cxd4 Rc3 22. Re1 Rfc8 23. Rfe2 Nc2 24. Rd1 Rxf3 0-1

[Event "Campo Grande op 5th"]
[Site "Campo Grande"]
[Date "2019.12.01"]
[Round "6"]
[White "Cucolloto, Rogerio"]
[Black "Dos Santos Dutra, Fernando Junior Fre"]
[Result "1/2-1/2"]
[WhiteElo "1927"]
[BlackElo "2270"]
[PlyCount "56"]
[EventDate "2019.11.28"]
[EventType "swiss"]
[EventRounds "6"]
[EventCountry "BRA"]
[SourceTitle "CBM 193 Extra"]
[Source "ChessBase"]
[SourceDate "2020.01.31"]
[SourceVersion "1"]
[SourceVersionDate "2020.01.31"]
[SourceQuality "1"]

1. e4 c5 2. Nf3 Nc6 3. Bb5 d6 4. Bxc6+ bxc6 5. 0-0 e5 6. h3 Nf6 7. d3 Be7 8. Re1 0-0 9. Nbd2 Ne8 10. Nf1 f5 11. c3 Nc7 12. exf5 Bxf5 13. Ng3 Bg6 14. d4 exd4 15. cxd4 c4 16. Qe2 Nd5 17. Qxc4 Qd7 18. Bg5 Bxg5 19. Nxg5 Rab8 20. b3 h6 21. Nf3 Rb4 22. Qe2 Nf4 23. Qd2 Rb5 24. Re3 Nd5 25. Re2 Rxf3 26. gxf3 Qxh3 27. Rae1 Qh4 28. Re4 Qf6 1/2-1/2

[Event "Campo Grande op 5th"]
[Site "Campo Grande"]
[Date "2019.12.01"]
[Round "5"]
[White "Cucolloto, Rogerio"]
[Black "Felicio, Leonardo Demetrio"]
[Result "1-0"]
[WhiteElo "1927"]
[BlackElo "1903"]
[PlyCount "81"]
[EventDate "2019.11.28"]
[EventType "swiss"]
[EventRounds "6"]
[EventCountry "BRA"]
[SourceTitle "CBM 193 Extra"]
[Source "ChessBase"]
[SourceDate "2020.01.31"]
[SourceVersion "1"]
[SourceVersionDate "2020.01.31"]
[SourceQuality "1"]

1. d4 Nf6 2. Nf3 g6 3. Bf4 Bg7 4. e3 0-0 5. Nbd2 d6 6. h3 Nbd7 7. Bc4 c5 8. c3 b6 9. 0-0 Bb7 10. Re1 a6 11. a4 Rc8 12. Qe2 a5 13. b3 Nd5 14. Bxd5 Bxd5 15. e4 Bb7 16. Rac1 e5 17. dxe5 Nxe5 18. Nxe5 dxe5 19. Bg3 Re8 20. Rcd1 Qc7 21. Nb1 Bh6 22. c4 Rcd8 23. Nc3 Qe7 24. Rd3 Bc6 25. Red1 Rd4 26. f3 Red8 27. Bf2 Rxd3 28. Rxd3 Rxd3 29. Qxd3 Bf8 30. Be3 Kg7 31. Qd2 Qd6 32. Nd5 Bxd5 33. Bh6+ Kg8 34. Bxf8 Kxf8 35. Qxd5 Ke7 36. Kf2 Qe6 37. g4 g5 38. Qb7+ Kf6 39. Qc7 h6 40. Kg3 Kg6 41. Qd8 1-0

[Event "Campo Grande op 5th"]
[Site "Campo Grande"]
[Date "2019.11.30"]
[Round "3"]
[White "Cucolloto, Rogerio"]
[Black "Goncalves Barbosa, Eric Ruber"]
[Result "1-0"]
[WhiteElo "1927"]
[BlackElo "1769"]
[PlyCount "51"]
[EventDate "2019.11.28"]
[EventType "swiss"]
[EventRounds "6"]
[EventCountry "BRA"]
[SourceTitle "CBM 193 Extra"]
[Source "ChessBase"]
[SourceDate "2020.01.31"]
[SourceVersion "1"]
[SourceVersionDate "2020.01.31"]
[SourceQuality "1"]

1. e4 e5 2. Nf3 Nc6 3. d4 exd4 4. Bc4 h6 5. 0-0 Nf6 6. e5 d5 7. Bb5 Nd7 8. e6 fxe6 9. Bxc6 bxc6 10. Nxd4 Qf6 11. Nxe6 Qxe6 12. Re1 Ne5 13. Bf4 Bd6 14. Bxe5 Bxe5 15. Qh5+ Kd7 16. Rxe5 Qf6 17. Nd2 Kd6 18. Rae1 Qf4 19. g3 Qg4 20. Ne4+ Qxe4 21. R1xe4 g5 22. Qf7 Kc5 23. Re8 Bh3 24. Re1 Raxe8 25. Rxe8 Rxe8 26. Qxe8 1-0

[Event "Campo Grande op 5th"]
[Site "Campo Grande"]
[Date "2019.11.28"]
[Round "1"]
[White "Cucolloto, Rogerio"]
[Black "Hattori, Gimpei"]
[Result "1-0"]
[WhiteElo "1927"]
[BlackElo "1772"]
[PlyCount "39"]
[EventDate "2019.11.28"]
[EventType "swiss"]
[EventRounds "6"]
[EventCountry "BRA"]
[SourceTitle "CBM 193 Extra"]
[Source "ChessBase"]
[SourceDate "2020.01.31"]
[SourceVersion "1"]
[SourceVersionDate "2020.01.31"]
[SourceQuality "1"]

1. e4 Nf6 2. Nc3 d5 3. exd5 Nxd5 4. Bc4 Nb6 5. Bb3 c5 6. d3 Nc6 7. Nf3 Bg4 8. Bxf7+ Kd7 9. Bd5 Rc8 10. Bxc6+ Kxc6 11. Ne5+ Kc7 12. Qxg4 Qe8 13. Bf4 Kb8 14. Nd7+ Ka8 15. Nxb6+ axb6 16. Nd5 Qc6 17. Qxc8+ Qxc8 18. Nxb6+ Ka7 19. Nxc8+ Ka6 20. Kd2 1-0